000
00357nam a2200145Ia 4500
003
LK-CoDNM
008
010623t xxu||||| |||| 00| 1 sin d
040
_a
LK-CoDNM
_d
LK-CoDNM
_e
LK-CoDNM
041
_a
sin
080
_a
294.3 SUV
245
_a
සුවිසි මහා ගුණය
246
_a
Suvisi Maha Gunaya
300
_b
4p., 21 cm
942
_c
BK
999
_c
142223
_d
142223